| 000 | 00451nam a22001817a 4500 | ||
|---|---|---|---|
| 005 | 20260120152449.0 | ||
| 008 | 260120b |||||||| |||| 00| 0 eng d | ||
| 020 |
_a9788121924566 _c499.00 |
||
| 040 | _aMAIN | ||
| 041 | _aEnglish | ||
| 082 |
_a650.0212 _bHAZ |
||
| 100 |
_aHazarika, Padmalochan _925966 |
||
| 245 | _aTextbook Of Business Statistics | ||
| 260 |
_aNew Delhi _bS. Chand _c2023 |
||
| 300 | _a538 | ||
| 650 | _aCommerce | ||
| 942 | _cBK | ||
| 999 |
_c60004 _d60004 |
||